Introducción a la teoría de la relatividad: / (Registro nro. 7745)

Detalles MARC
000 -CABECERA
Campo de control interno 01756nam a2200241Ia 4500
008 - ELEMENTOS DE LONGITUD FIJA - INFORMACIÓN GENERAL
Campo de control de longitud fija 260220t1961||||xx |||||||||||||| ||spa||
040 ## - FUENTE DE CATALOGACIÓN
Agencia de catalogación original PY-SlUNAC
Idioma de catalogación spa
Convenciones de descripción rda
041 ## - CÓDIGO DE IDIOMA
Código de idioma para texto/pista de sonido o título separado spa
082 ## - NÚMERO DE CLASIFICACIÓN DECIMAL DEWEY
Clasificación Decimal Dewey (CDD) 530.11
Clasificación Expansiva de Cutter (EC) C128i
100 ## - ASIENTO PRINCIPAL - NOMBRE PERSONAL
Nombre personal Calero, Orlando
Rol del autor Autor
245 #0 - TÍTULO
Título Introducción a la teoría de la relatividad: /
Mención de responsabilidad por Orlando Calero [Autor]
264 ## - PIE DE IMPRENTA
Lugar El Salvador :
Editorial Ministerio de Educación,
Año ℗1961.
300 ## - DESCRIPCIÓN FÍSICA
Páginas 1 volumen
520 ## - NOTA DE RESUMEN
Nota de resumen En "Introducción a la teoría de la relatividad", Orlando Calero ofrece una exposición clara y accesible de los principios fundamentales que sustentan la teoría de la relatividad de Albert Einstein. El texto se divide en secciones que abordan tanto la relatividad especial como la general, explicando conceptos como la dilatación del tiempo, la contracción de la longitud y la equivalencia entre masa y energía. A través de ejemplos ilustrativos y análisis matemáticos simplificados, Calero facilita la comprensión de cómo estas teorías revolucionaron la física moderna y desafiaron las nociones tradicionales del espacio y el tiempo. Además, el autor contextualiza la relevancia histórica de la relatividad, destacando su impacto en el desarrollo de tecnologías contemporáneas, como la navegación por satélite. En conjunto, el libro no solo sirve como un recurso educativo para estudiantes y entusiastas de la física, sino que también fomenta una apreciación más profunda de los desafíos conceptuales que plantea la naturaleza del universo.
653 ## - MATERIA - TÉRMINO TEMÁTICO NO CONTROLADO (PALABRAS CLAVE)
Materia - término temático no controlado (palabras clave) Física
653 ## - MATERIA - TÉRMINO TEMÁTICO NO CONTROLADO (PALABRAS CLAVE)
Materia - término temático no controlado (palabras clave) Relatividad
653 ## - MATERIA - TÉRMINO TEMÁTICO NO CONTROLADO (PALABRAS CLAVE)
Materia - término temático no controlado (palabras clave) Teoría
942 ## - ELEMENTOS PERSONALIZADOS (KOHA)
Fecha catalogación 2026/02/17
Tipo de documento Libros
Existencias
Fuente de Clasificacion Colección Ubicacion permanente Biblioteca actual Fecha de Ingreso a la Biblioteca Origen de adquisición Código de ubicación Código de barras Tipo de Item KOHA Nota pública
Dewey Decimal Classification Colección General (CG) Biblioteca e Internet, Facultad de Ciencias Exactas y Naturales Biblioteca e Internet, Facultad de Ciencias Exactas y Naturales 02/20/2026 Donación 530.11 C128i CG1105 Libros Material disponible en la Biblioteca e Intenet, Campus UNA, San Lorenzo.